The golf handbook

Bibliographic Details
Main Author: Bradbeer, Richard
Other Authors: Morrison, Ian
Format: Book
Published: England : Abbeydale Press , 2004
Subjects:

MARC

LEADER 00000cam a2200000 7i4500
001 0000016912
005 20080502.0
008 080502
020 |a 1861471394 
090 0 0 |a 796.352   |b BRA 
100 1 |a Bradbeer, Richard 
245 1 0 |a The golf handbook   |c Richard Bradbeer, Ian Morrison 
260 |a England :   |b Abbeydale Press ,   |c 2004 
650 0 |a Golf 
700 1 |a Morrison, Ian 
999 |a 0001014278   |b Book   |c Adult Collection   |e Perbadanan Perpustakaan Awam Johor